चेहरे / (Record no. 49556)

MARC details
000 -LEADER
fixed length control field 03529nam a22003977a 4500
005 - DATE AND TIME OF LATEST TRANSACTION
control field 20101206113148.0
010 ## - LCCN (DPL NO)
LC control number HIN-91401 B-433609-617
020 ## - INTERNATIONAL STANDARD BOOK NUMBER
Terms of availability 395.00
International Standard Book Number 9789350004920
035 ## - SYSTEM CONTROL NUMBER
System control number HN-63747
035 ## - SYSTEM CONTROL NUMBER
System control number B-433609-617
037 ## - SOURCE OF ACQUISITION
Source of stock number/acquisition DBAD/PUB
037 ## - SOURCE OF ACQUISITION
Source of stock number/acquisition बल्यू बैरी
082 ## - DEWEY DECIMAL CLASSIFICATION NUMBER
Classification number 808.883
100 ## - MAIN ENTRY--PERSONAL NAME
Personal name फ़ाज़ली, निदा
245 ## - TITLE STATEMENT
Title चेहरे /
Statement of responsibility, etc निदा फ़ाज़ली
246 ## - VARYING FORM OF TITLE
Title proper/short title Chehr
Remainder of title by Nida Fazali
260 ## - PUBLICATION, DISTRIBUTION, ETC. (IMPRINT)
Place of publication, distribution, etc नई दिल्ली
Name of publisher, distributor, etc वाणी प्रकाशन
Date of publication, distribution, etc 2010
270 ## - ADDRESS
City नई दिल्ली
Address 4695, 21-ए, दरियागंज
Postal code 110002
300 ## - PHYSICAL DESCRIPTION
Extent 202पृ.
Dimensions 22सेमी (सजिल्द)
700 ## - ADDED ENTRY--PERSONAL NAME
9 (RLIN) 24599
700 ## - ADDED ENTRY--PERSONAL NAME
9 (RLIN) 24924
942 ## - ADDED ENTRY ELEMENTS (KOHA)
Source of classification or shelving scheme Dewey Decimal Classification
Item type Hindi Books
Call number suffix फ़ाज़ली
Classification part 808.883
Holdings
Withdrawn status Lost status Not for loan Collection code Home library Current library Date acquired Source of acquisition Cost, normal purchase price Full call number Barcode Copy number Cost, replacement price Koha item type
        Andrews Gunj Andrews Gunj 04/01/2011     808.883फ़ाज़ली       Hindi Books
        Andrews Gunj Andrews Gunj 04/01/2011     808.883फ़ाज़ली       Hindi Books
      Non-fiction Andrews Gunj Andrews Gunj 22/07/2011 बल्यू बैरी/6362/25.3.11/79/15.3.11/31.3.11 395.00 808.883 फ़ाज़ली B-433613 1 395.00 Hindi Books
      Non-fiction Central Library Central Library 22/07/2011 बल्यू बैरी/6362/25.3.11/79/15.3.11/31.3.11 395.00 808.883 फ़ाज़ली B-433609 2 395.00 Hindi Books
      Non-fiction Central Library Central Library 22/07/2011 बल्यू बैरी/6362/25.3.11/79/15.3.11/31.3.11 395.00 808.883 फ़ाज़ली B-433610 2 395.00 Hindi Books
    Not For Loan Non-fiction D.B.Act.Division D.B.Act.Division 27/12/2010 DBAD /PUB 395.00 808.883फ़ाज़ली HN-63747 1 395.00 Hindi Books
      Non-fiction Qila Rai Pithora Qila Rai Pithora 22/07/2011 बल्यू बैरी/6362/25.3.11/79/15.3.11/31.3.11 395.00 808.883 फ़ाज़ली B-433615 1 395.00 Hindi Books
      Non-fiction R.K.Puram-8 R.K.Puram-8 22/07/2011 बल्यू बैरी/6362/25.3.11/79/15.3.11/31.3.11 395.00 808.883 फ़ाज़ली B-433612 1 395.00 Hindi Books
      Non-fiction Sarojini Nagar Sarojini Nagar 22/07/2011 बल्यू बैरी/6362/25.3.11/79/15.3.11/31.3.11 395.00 808.883 फ़ाज़ली B-433611 1 395.00 Hindi Books
      Non-fiction Shahdara Branch Shahdara Branch 22/07/2011 बल्यू बैरी/6362/25.3.11/79/15.3.11/31.3.11 395.00 808.883 फ़ाज़ली B-433617 1 395.00 Hindi Books
      Non-fiction Sriniwas Puri Sriniwas Puri 22/07/2011 बल्यू बैरी/6362/25.3.11/79/15.3.11/31.3.11 395.00 808.883 फ़ाज़ली B-433614 1 395.00 Hindi Books
      Non-fiction Vinoba Puri Vinoba Puri 22/07/2011 बल्यू बैरी/6362/25.3.11/79/15.3.11/31.3.11 395.00 808.883 फ़ाज़ली B-433616 1 395.00 Hindi Books

© Delhi Public Library
Hit Counter
free hit counter